000 00897nam a22002177a 4500
003 NALT
005 20251125232843.0
008 s2520 th tha d
040 _aNALT
041 _atha
090 _aKA 102
_bก466ร 2520
110 2 _aกรมการปกครอง
_bกองวิชาการ
_964575
245 1 0 _aรวมคำสั่งคณะปฏิวัติฯ /
_cกองวิชาการ กรมการปกครอง.
260 _aกรุงเทพฯ
_bกองวิชาการ กรมการปกครอง,
_c2520.
300 _a158 หน้า ;
_b
_c26 ซม.
650 4 _aประกาศคณะปฏิวัติ
_945580
850 _aNALT
856 4 0 _uhttps://hdl.handle.net/20.500.14156/446645
942 _cREF
_2local
999 _c15876
_d15876
998 _j104
_k นางสาวสายฝน ดีงาม